000
00270nam a2200121Ia 4500
008
190216s9999||||xx |||||||||||||| ||und||
100
_a
Peter Emmens
245
0
_a
Haunted Island
260
_b
Longmans
_c
1964
300
_a
48p
650
_a
Speeches
942
_c
BK
999
_c
11785
_d
11785